000 01982nam1a2200349 i 4500
001 RU\NLR\bibl\346978
005 20260406024842.0
035 _a(NLR Aleph) 000341791
090 _a221183
_c221183
100 _a20021211g20029999u y0rusy50 ca
101 0 _arus
_aeng
102 _aRU
105 _ay |||||||||
200 1 _aУчебное пособие по развитию навыков устной и письменной речи
_e(Англ. яз.)
_eДля студентов учеб. заведений основного высш. и доп. образования
_fА.М. Митина, А.В. Олянич, О.В. Топоркова
_gПод ред. А.М. Митиной
_gМ-во образования Рос. Федерации, Волгогр. гос. техн. ун-т. Каф. иностр. яз. Центр иностр. яз.
210 _aВолгоград
_cПолитехник
_d2002
215 _a104 с.
_d20
225 1 _aForeign language center English series
300 _aЗагл. обл.: Challenges: English speech practice course book / By A.M. Mitina, A.V. Olyanitch, O.V. Toporkova
463 0 _1001339005
512 1 _6z01790
_aChallenges
_eEnglish speech practice course book
606 0 _aАнглийский язык
_jУчебные издания для высших учебных заведений
_9972309
_3RU\NLR\auth\6646032
686 _aШ143.21-93рус3-6
700 1 _4070
_7ca
_8rus
_aМитина
_bА. М.
_gАнна Мееровна
_9109366
_3RU\NLR\AUTH\77126442
701 1 _4070
_7ca
_8rus
_aОлянич
_bА. В.
_f1957-
_gАндрей Владимирович
_9108119
_3RU\NLR\auth\77125194
701 1 _aТопоркова
_bО. В.
_gОльга Викторовна
_4070
790 1 _4070
_7ba
_8rus
_aMitina
_bA. M.
_gAnna Meerovna
_92641668
_3RU\NLR\AUTH\770273495
801 0 _aRU
_bNLR
_c20021211
_gPSBO
801 1 _aRU
_bNLR
_c20021211
852 _aNLR
_j2002-3/29026
942 _cBOOK